Electromagnetism : (Record no. 183980)
[ view plain ]
| 000 -LEADER | |
|---|---|
| fixed length control field | 01172 a2200217 4500 |
| 003 - CONTROL NUMBER IDENTIFIER | |
| control field | NUST |
| 005 - DATE AND TIME OF LATEST TRANSACTION | |
| control field | 20221201140755.0 |
| 010 ## - LIBRARY OF CONGRESS CONTROL NUMBER | |
| LC control number | 73017668 |
| 020 ## - INTERNATIONAL STANDARD BOOK NUMBER | |
| International Standard Book Number | 8123908717 |
| -- | 0471322466 (pbk.) |
| 040 ## - CATALOGING SOURCE | |
| Transcribing agency | Nust |
| 082 00 - DEWEY DECIMAL CLASSIFICATION NUMBER | |
| Classification number | 537,KAK |
| 100 1# - MAIN ENTRY--PERSONAL NAME | |
| Personal name | Kakani S.L |
| 9 (RLIN) | 82579 |
| 245 10 - TITLE STATEMENT | |
| Title | Electromagnetism : |
| Remainder of title | Theory & Problems electrodynamics and plasma physics / |
| Statement of responsibility, etc. | By S .L Kakani |
| 260 ## - PUBLICATION, DISTRIBUTION, ETC. | |
| Place of publication, distribution, etc. | London, |
| -- | New Delhi |
| Name of publisher, distributor, etc. | CBS |
| Date of publication, distribution, etc. | 2002. |
| 300 ## - PHYSICAL DESCRIPTION | |
| Extent | xiv, 628 p.: |
| Other physical details | illus. |
| Dimensions | 24 cm. |
| 490 0# - SERIES STATEMENT | |
| Series statement | The Manchester physics series |
| 505 ## - FORMATTED CONTENTS NOTE | |
| Formatted contents note | Vector Analysis (Page-1), Scalar and Vector Fields (Page-25), Electrostatics (Page-58), Electrostatics in Dielectrics (Page-122), Solution of Boundary Value Problems in Electrostatic Fields (Page-188), Magneto statics (Page-246), Electromagnetic Induction and Maxwell’s Equations (Page -307), Electromagnetic Waves (Page-379), Scattering and Dispersion Electromagnetic Waves (Page-429), Wave Guides (Page-460), Electromagnetic Radiation and Radiating Systems (Page-501), Propagation of Electromagnetic Waves Through Ionized Media (Page-583) . |
| 650 #0 - SUBJECT ADDED ENTRY--TOPICAL TERM | |
| Topical term or geographic name entry element | Electromagnetism. |
| 700 1# - ADDED ENTRY--PERSONAL NAME | |
| Personal name | Phillips, W. R. |
| 9 (RLIN) | 39798 |
| 942 ## - ADDED ENTRY ELEMENTS (KOHA) | |
| Source of classification or shelving scheme | |
| Koha item type | Book |
| Call number prefix | 537,KAK |
| Withdrawn status | Lost status | Source of classification or shelving scheme | Damaged status | Not for loan | Permanent Location | Current Location | Shelving location | Date acquired | Full call number | Barcode | Date last seen | Price effective from | Koha item type | Public note |
|---|---|---|---|---|---|---|---|---|---|---|---|---|---|---|
| Military College of Signals (MCS) | Military College of Signals (MCS) | General Stacks | 12/12/2016 | 537,KAK | MCS30333 | 12/08/2016 | 12/12/2016 | Book | Almirah No.16, Shelf No.4 |
